000 00733cam a2200229 4500
001 M2286
008 090401t1996 xxu||||| |||| 00| 0 eng d
035 _a(Sirsi) u96385
041 _aeng
110 _aRoyal Institution of Chartered Surveyors
_94900
245 _aInter-departmental working group on blight.
260 _aLondon
_bRICS
_c1996
300 _a(18)p. ; 30cm.
350 _a4
490 _aRICS Memorandum
_vPU/Report(96)14
520 _aPrepared by the RICS in response to the DoE consultation paper on blight.
650 _aBLIGHT
650 _aCOMPENSATION
690 _aENVIRONMENTAL AND LAND CONSULTANCY-PLANNING AND DEVELOPMENT-COMPULSORY PURCHASE AND COMPENSATION
942 _n0
948 _c04/03/1997
999 _c98654
_d98654